Quiz o Zbigniewie Stonodze - Statystyki

Ogólne statystyki
  • Ten quiz został rozwiązany 32 razy
  • Średni wynik to 2 z 10
Statystyki odpowiedzi
Wskazówka Odpowiedź % Poprawnych
W którym roku Zbigniew Stonoga pomógł aresztować pedofilów? 2016
67%
Gazeta założona przez Zbigniewa Stonogę w 2015 Gazeta Stonoga
33%
Miasto, w którym urodził się Zbigniew Stonoga Ozimek
33%
Partia do której należał w roku 2015 Stonoga Partia Polska
29%
Jaki kandydat dostał poparcie Zbigniewa Stonogi w wyborach w 2015? Janusz Korwin-Mikke
25%
Partia do której należał w roku 2014 Kongres Nowej Prawicy
17%
Do jakiego państwa Zbigniew Stonoga wyjechał w 2017, gdy stawić się miał w zakładzie karnym? Monako
13%
Jak nazywa się miasto, w którym Zbigniew Stonoga zorganizował koncert charytatywny by pomóc choremu w śpiączce? Poznań
8%
Partia do której należał w latach 2005-2007 Samoobrona Rzeczypospolitej Polskiej
8%
Technikum, jakie ukończył Zbigniew Stonoga. Technikum elektromechaniczne
8%
Nie znaleziono quizów pasujących do podanych kryteriów
Rozkład punktacji
Procent ludzi z każdym wynikiem
Percentyl według liczby udzielonych odpowiedzi
Twoja historia wyników
Nie rozwiązałeś tego quizu